[Event "FIDE Zonal 2.5 Open 2019"]
[Site "Montevideo"]
[Date "2019.04.13"]
[Round "1.19"]
[White "Rodriguez, Santiago"]
[Black "Palacio, Enzo"]
[Result "1-0"]
[WhiteElo "2257"]
[BlackElo "1745"]
[Annotator "TA"]
[PlyCount "45"]
[EventDate "2019.04.13"]
[EventType "swiss"]
[EventCountry "URU"]
[SourceTitle "playchess.com"]
[Source "ChessBase"]
[SourceQuality "1"]

{[%evp 17,45,0,118,125,127,85,184,198,229,229,232,237,609,598,589,589,830,844,827,831,834,821,907,907,29939,29944,5422,5214,29997,29998]} 1. e4 c5 2. Nf3 g6 3. c3 d5 4. exd5 Qxd5 5. d4 Bg7 6. Na3 {[%cal Bb1a3,Ba3b5,Bb5d4][%mdl 32]} cxd4 7. Bc4 {B06: Modern Defence} Qe4+ 8. Be3 Nh6 9. Nb5 (9. Bd3 Qd5 10. Bc4 Qa5 11. Bb5+ Nc6 12. Nxd4 O-O 13. Nxc6 bxc6 {0-1 (38) Papp,G (2603)-Matlakov,M (2700) Caleta 2019}) 9... Na6 {LiveBook: 4 Games} (9... O-O $11 {keeps the balance.} 10. Bd3 Qc6 11. Nbxd4 Qd6) 10. Nbxd4 $16 {Strongly threatening 0-0.} O-O 11. O-O {Hoping for Re1.} e5 (11... Bg4 $16) 12. Bxh6 Bxh6 13. Re1 {[%cal Bf1e1,Be1e7,Be7f7][%mdl 32]} Qg4 $146 ({Predecessor:} 13... Qf4 14. Nxe5 Bg5 {0-1 (50) Sjoberg,I (1893)-Novotny,M (1557) Prague 2016}) 14. Nxe5 Qf4 $2 (14... Qxd1 15. Raxd1 Nc7) 15. Nxf7 $18 Rxf7 16. Re7 {[%mdl 64] [#] Pin} ({Weaker is} 16. Re8+ Bf8 $16) 16... Bg4 17. Rxf7 Bxd1 18. Rxf4+ {[%mdl 64] Discovered Attack} Kh8 19. Rf7 Bg4 20. Re1 {[#] Intending Ree7 and mate.} Rc8 21. Ree7 {[%csl Ge7][%cal Rf7h7]} Bg7 22. Bb3 Rg8 23. Rxg7 {[%mdl 64] Back Rank. Accuracy: White = 100%, Black = 28%.} 1-0

[Event "FIDE Zonal 2.5 Open 2019"]
[Site "Montevideo"]
[Date "2019.04.13"]
[Round "1.20"]
[White "Campora, Edgardo"]
[Black "Coppola, Claudio"]
[Result "0-1"]
[WhiteElo "1705"]
[BlackElo "2238"]
[Annotator "TA"]
[PlyCount "78"]
[EventDate "2019.04.13"]
[EventType "swiss"]
[EventCountry "URU"]
[SourceTitle "playchess.com"]
[Source "ChessBase"]
[SourceQuality "1"]

{[%evp 13,78,12,8,-12,-16,-11,0,0,14,-63,-50,-53,-50,-77,0,-75,-72,-59,-45,-43,-39,-47,-45,-46,-56,-39,-48,-88,-65,-87,-108,-106,-97,-91,-93,-97,-60,-83,-106,-103,-106,-104,-108,-137,-111,-111,-87,-86,-87,-88,-81,-110,-106,-212,-222,-212,-212,-249,-199,-356,-327,-281,0,-364,-351,-607,-535]} 1. e4 c5 2. Nf3 d6 3. c3 Nf6 4. h3 Nc6 5. Bd3 e5 6. Bc2 Be7 7. O-O {B50: Sicilian: 2...d6, Miscellaneous} O-O {LiveBook: 42 Games} 8. a3 (8. d4 cxd4 9. cxd4 Nb4 10. Nc3 Nxc2 11. Qxc2 Qc7 12. Be3 d5 13. dxe5 Nxe4 14. Rac1 Nxc3 15. Qxc3 Qxc3 16. Rxc3 {½-½ (63) Yudin,S (2546)-Naiditsch,A (2705) Dubai 2014}) 8... d5 9. exd5 {The position is equal.} Qxd5 10. d3 $146 ({Predecessor:} 10. Re1 e4 11. Nh2 Ne5 12. Qe2 Bd6 13. Bxe4 Qxe4 14. Qxe4 Nxe4 15. Rxe4 Nd3 {0-1 (15) Mahony,M-Lyew,M WCCF email 2003}) 10... Rd8 11. Bb3 ({White should try} 11. Nbd2 $11) 11... Qxd3 $15 12. Qxd3 Rxd3 13. Ng5 Nd8 (13... Nd5 $17 {...Nd4! is the strong threat.} 14. Bc4 Bf5 15. Bxd3 Bxd3) 14. Bc4 (14. Nd2 $11) 14... Rd7 $17 15. Re1 Bd6 {[%cal Be7d6,Bd6c7,Bc7d8][%mdl 32]} 16. Nd2 b6 17. Bb5 Re7 18. Nde4 Nxe4 19. Nxe4 Bc7 20. Bg5 f6 21. Nxf6+ gxf6 22. Bxf6 Rf7 23. Bxd8 Bxd8 24. Bc4 Bf6 25. Rad1 Kg7 26. Bxf7 Kxf7 27. f3 Be6 28. Kf2 Rb8 29. Re2 b5 30. Rd6 Rb6 31. Rxb6 axb6 32. Rd2 Ke7 33. Kg1 (33. Re2 $17) 33... Bg5 $19 34. Re2 Kd6 35. Kf2 Bb3 36. Ke1 $2 {[#]} (36. g3) 36... Bh4+ 37. Kd2 Bg5+ 38. Ke1 Bc4 39. Rc2 $2 (39. Re4 Bf4 40. Kd1) 39... Bd3 {Precision: White = 38%, Black = 55%.} 0-1

[Event "FIDE Zonal 2.5 Open 2019"]
[Site "Montevideo"]
[Date "2019.04.13"]
[Round "1.21"]
[White "Larrea, Manuel"]
[Black "Lanaro, Emilio"]
[Result "1-0"]
[WhiteElo "2230"]
[BlackElo "1694"]
[Annotator "TA"]
[PlyCount "28"]
[EventDate "2019.04.13"]
[EventType "swiss"]
[EventCountry "URU"]
[SourceTitle "playchess.com"]
[Source "ChessBase"]
[SourceQuality "1"]

{[%evp 22,28,25,31,62,60,391,109,778]} 1. e4 c5 2. Nf3 d6 3. d4 cxd4 4. Nxd4 Nf6 5. Nc3 a6 6. Bg5 e6 7. f4 Qc7 8. Bxf6 gxf6 9. f5 Nc6 10. fxe6 {B96: Sicilian Najdorf: 6 Bg5 e6 7 f4, lines other than 7...Qb6 and 7...Be7} fxe6 11. Be2 (11. Bc4 Nxd4 12. Qxd4 Rg8 13. O-O-O Bd7 14. Bb3 O-O-O 15. g3 Be7 16. Na4 Rg5 17. Rd3 Re5 {½-½ (38) Radjabov,T (2744)-Grischuk,A (2728) Sochi 2008}) 11... Nxd4 12. Qxd4 {LiveBook: 3 Games} Bg7 13. O-O-O $146 {aiming for Bh5+.} ({Predecessor:} 13. Bh5+ Ke7 14. O-O-O Qc5 15. Qxc5 dxc5 16. Na4 Bh6+ 17. Kb1 Rg8 {1-0 (28) Eliseev,A (2429)-Fedoseev,S (2260) St Petersburg 2007}) 13... Ke7 $2 {[%mdl 8192] [#]} ({Black should try} 13... h5 $14) 14. Rhf1 $2 (14. e5 $1 $18 {[%cal Re5d6]} dxe5 15. Qb4+ Kf7 16. Bh5+ Kg8 17. Rd3) 14... Rg8 $2 {[%mdl 8192]} (14... Qc5 $16) 1-0

[Event "FIDE Zonal 2.5 Open 2019"]
[Site "Montevideo"]
[Date "2019.04.13"]
[Round "1.22"]
[White "Manteiga, Franco"]
[Black "Kropff, Ricardo"]
[Result "0-1"]
[WhiteElo "1684"]
[BlackElo "2220"]
[Annotator "TA"]
[PlyCount "94"]
[EventDate "2019.04.13"]
[EventType "swiss"]
[EventCountry "URU"]
[SourceTitle "playchess.com"]
[Source "ChessBase"]
[SourceQuality "1"]

{[%evp 27,94,0,0,-6,-5,-5,-6,-10,-13,-22,-7,-21,-18,-18,-14,-27,0,0,0,-15,-15,-20,-27,-32,-18,-68,-81,-67,-78,-81,-85,-141,-136,-132,-137,-170,-134,-145,-126,-195,-150,-160,-152,-180,-158,-183,-177,-205,-211,-197,-185,-201,-159,-152,-159,-306,-294,-493,-473,-542,-521,-541,-530,-463,-411,-29987,-29988,-29997,-29998]} 1. d4 d5 2. c4 e6 3. Nc3 Be7 4. Nf3 Nf6 5. cxd5 exd5 6. Bg5 c6 7. Qc2 g6 8. e3 Bf5 9. Bd3 Bxd3 10. Qxd3 Nbd7 11. O-O O-O 12. Rab1 a5 13. h3 Re8 {D36: Queen's Gambit Declined: Exchange Variation: Main line (5 Bg5 c6 6 Qc2)} 14. Rfc1 (14. a3 Ne4 15. Bxe7 Qxe7 {½-½ (15) Pogorelov,R (2417)-Barsov,A (2539) Barcelona 2012}) 14... Ne4 {LiveBook: 3 Games} 15. Bf4 Bd6 {The position is equal.} 16. Bxd6 Nxd6 17. Nd2 $146 ({Predecessor:} 17. Na4 Ne4 18. a3 Qe7 19. Qb3 b5 20. Nc3 a4 21. Qc2 {½-½ (45) Musalov,R (2399)-Palachev,P (2207) Samara 2011}) 17... Qg5 18. Nf3 Qf6 19. b4 axb4 20. Rxb4 Ra3 21. Rb3 Rxb3 (21... Ra7 {is more complex.} 22. a4 Qf5 23. Qd1 h5 24. Rb4 Ra6) 22. axb3 Ra8 23. Ne1 Qd8 24. Na4 Qa5 25. Nc2 Ne4 26. f3 Qd2 $36 {[%mdl 2048] Black is on the roll.} 27. Qxd2 Nxd2 28. Rd1 Nxb3 29. Rb1 (29. Nc3 $142) 29... Rxa4 $17 30. Rxb3 {[%mdl 4096] Endgame KRN-KRN} Ra7 31. e4 dxe4 32. fxe4 Nf6 33. Re3 (33. e5 $17 Ne4 34. Ne3) 33... Ra2 34. Ne1 Kf8 35. Kh2 Ke7 36. Kg3 b5 {[%cal Bb7b5,Bb5b4][%mdl 32]} 37. Kf4 b4 38. Rb3 Re2 {[%mdl 64] [#] Double Attack} 39. Re3 Rd2 40. Rd3 Rb2 41. g4 (41. Ke3 $17 {was worth a try.}) 41... h6 $19 42. Rf3 $2 (42. Rd1 {was called for.} g5+ 43. Kf3) 42... g5+ (42... Re2 $2 43. Re3 $19) 43. Ke5 Nd7+ 44. Kf5 c5 45. dxc5 Nxc5 46. e5 {[#]} (46. Nd3 $19 Rb3 47. Ne5 Rxf3+ 48. Nxf3) 46... Re2 47. Nd3 Ne6 {Accuracy: White = 26%, Black = 75%.} 0-1

[Event "FIDE Zonal 2.5 Open 2019"]
[Site "Montevideo"]
[Date "2019.04.13"]
[Round "1.23"]
[White "Curi, Gabriel"]
[Black "Reolon, Victor"]
[Result "1-0"]
[WhiteElo "2202"]
[BlackElo "1659"]
[Annotator "TA"]
[PlyCount "61"]
[EventDate "2019.04.13"]
[EventType "swiss"]
[EventCountry "URU"]
[SourceTitle "playchess.com"]
[Source "ChessBase"]
[SourceQuality "1"]

{[%evp 9,61,158,293,282,284,133,138,117,129,102,112,112,119,110,159,170,162,163,156,103,110,125,130,99,166,169,188,168,177,172,179,179,184,185,173,183,167,173,108,76,68,6,19,-80,-107,-89,135,138,133,131,528,477,521,477]} 1. d4 e6 2. e4 d5 3. Nc3 Ne7 4. Nf3 c5 (4... Nbc6 5. e5 b6 6. a3 Bb7 7. Bd3 Qd7 8. Qe2 Nf5 9. Be3 Be7 10. O-O-O O-O-O 11. Bb5 Kb8 12. Bf4 Rdg8 13. h4 Nxh4 14. Nxh4 {0-1 (75) Videnova,I (2336)-Repkova,E (2288) Biograd 2018}) 5. dxc5 Qa5 $146 (5... a6 $16 6. Be2 Qa5) ({Predecessor:} 5... Nbc6 6. exd5 Nxd5 7. Nxd5 exd5 8. Be3 Bf5 9. Bb5 Qd7 10. Nd4 Bg6 11. Nxc6 bxc6 12. Bd3 Qe6 13. Bxg6 hxg6 14. O-O Qe5 15. Bd2 Qxh2# {0-1 (15) Angjelkoski,J-Velkoski,I (1412) Ohrid 2016}) 6. a3 $18 {C10: French with 3 Nc3: Unusual Black 3rd moves and 3...dxe4} ({Less strong is} 6. exd5 Nxd5 7. Bd2 Qxc5 $16) 6... Qxc5 7. Be3 (7. Nb5 $18 {is the precise move to win.} Ng6 8. Be3) 7... Qa5 $16 8. b4 {White is clearly better.} Qd8 9. Bb5+ Nbc6 10. O-O a6 11. Ba4 dxe4 {Hoping for ...Qxd1.} 12. Qxd8+ Kxd8 13. Nxe4 {aiming for Bb6+.} Nd5 14. Bd2 ({Better is} 14. Rfd1 Kc7 15. Bd2) 14... Bd7 15. c4 Nf6 16. Neg5 Be8 (16... Ke8 $16) 17. Bxc6 $18 bxc6 {[#]} 18. Ne5 $1 {[%cal Re5f7]} Ra7 19. Be3 Rb7 20. Rfd1+ Kc8 {[#]} 21. b5 $1 {[%cal Rb5a6]} axb5 22. cxb5 Nd5 23. bxc6 Rc7 24. Rac1 {Strongly threatening Rd4.} h6 25. Ngf3 (25. Rd4 $14) 25... f6 $11 26. Nd4 (26. Nc4 $11 {keeps the balance.} Bxc6 27. Nb6+ Kb7 28. Nxd5 Bxd5 29. Rb1+ Kc8 30. a4) 26... fxe5 $17 27. Nxe6 Rxc6 $2 (27... Re7 $17 28. Rxd5 Rxe6 {[%mdl 64] Discovered Attack}) 28. Rxd5 $16 {Threatening mate with Rd8+.} Rxc1+ 29. Bxc1 Bc6 $2 {[%mdl 8192]} (29... Bd7 $16) 30. Rd8+ $18 {[%mdl 64] Double Attack} Kb7 31. Rxf8 {Accuracy: White = 46%, Black = 57%.} 1-0

[Event "FIDE Zonal 2.5 Open 2019"]
[Site "Montevideo"]
[Date "2019.04.13"]
[Round "1.24"]
[White "Fein, Jorge"]
[Black "Carvalho, Guillermo"]
[Result "1/2-1/2"]
[WhiteElo "1648"]
[BlackElo "2194"]
[Annotator "TA"]
[PlyCount "93"]
[EventDate "2019.04.13"]
[EventType "swiss"]
[EventCountry "URU"]
[SourceTitle "playchess.com"]
[Source "ChessBase"]
[SourceQuality "1"]

{[%evp 11,93,35,43,28,66,35,48,29,33,18,26,25,23,-12,-8,-14,-14,-23,-14,-48,-25,-27,-25,-110,-56,-66,-58,-78,-75,-108,-39,-42,-13,-19,-14,-64,-14,-16,0,-16,-16,-16,0,0,0,0,0,-92,0,0,0,0,0,0,28,1,99,92,108,81,317,319,291,181,232,185,456,19,50,47,68,68,53,32,76,20,118,17,26,0,124,0,18,0]} 1. e4 e5 2. Nf3 Nc6 3. Bc4 Be7 4. d4 d6 5. dxe5 dxe5 6. Qxd8+ Bxd8 7. O-O {C50: Hungarian Defence and Giuoco Pianissimo} (7. Be3 f6 8. a4 Bg4 9. Nbd2 Nge7 10. a5 Bh5 11. a6 b6 12. c3 Bf7 13. O-O Bxc4 {½-½ (13) Firat,B (2480)-Esen,B (2528) Izmir 2017}) 7... Bg4 8. Ne1 $146 ({Predecessor:} 8. Nbd2 f6 9. c3 Nge7 10. b4 g5 11. Nb3 Nc8 12. Bd5 N8e7 13. Bc4 Nc8 14. Nc5 Nd6 {1-0 (44) Vicas,M (1805)-Kuvsinov,A (2009) Nemencine 2010}) 8... Na5 9. Bd3 {White is slightly better.} (9. Bb5+ {keeps more tension.} c6 10. Bd3 Be6 11. Nd2 Be7 12. Rb1) 9... Be6 10. b3 Nc6 11. Bb5 Nge7 12. Nd3 a6 13. Bxc6+ Nxc6 14. Bb2 f6 15. c3 Be7 16. Ba3 O-O-O 17. Nc5 (17. Rd1 $11) 17... Bf7 (17... Bxc5 $1 $17 18. Bxc5 b6) 18. Na4 $15 Rd3 19. Bxe7 Nxe7 20. c4 Nc6 (20... Rhd8 $17) 21. Nbc3 Rdd8 22. Nd5 Nd4 23. Rad1 h5 24. f3 h4 25. h3 Rhe8 26. Rf2 c6 27. Ndb6+ Kc7 28. Rfd2 Be6 {...Bxh3! is the strong threat.} 29. c5 {[#]} (29. Kf2 $11) 29... g6 (29... Bxh3 $1 $17 {[%mdl 512] aiming for ...Be6.} 30. Rxd4 (30. gxh3 Nxf3+) 30... Rxd4 31. Rxd4 exd4 32. gxh3 f5 $1 {[%mdl 512]} 33. exf5 Re1+ 34. Kf2 Rh1) 30. Kf2 $11 Rf8 31. Nb2 Rde8 32. N2c4 Re7 33. Na3 f5 (33... Ree8 $11) 34. exf5 gxf5 35. Re1 f4 $2 (35... Rd8 $16) 36. Rxe5 $18 Nf5 37. Re1 Rg8 (37... Rfe8 $142 38. Nc2 Ng3) 38. Nc2 Reg7 $2 (38... Rge8 39. Rde2 Bf7) 39. Rg1 $2 (39. Rxe6 $18 Rxg2+ 40. Ke1 Rg1+ 41. Ke2) 39... Rg6 40. Nd4 {Black must now prevent Ne2.} Ne3 {Strongly threatening ...Bxh3!} 41. Nxe6+ Rxe6 42. Rd7+ Kb8 43. Rf7 (43. Nc4 $16) 43... Rge8 {[#]} (43... Rd8 $11 {keeps the balance.}) 44. Rc1 ({Much worse is} 44. Rxf4 $6 Ng4+ 45. fxg4 Re2+ 46. Kf1 Re1+ 47. Kf2 R1e2+ 48. Kf1 Re1+ 49. Kf2 R1e2+ $11) (44. Nd7+ $1 $16 Ka7 45. Nf6 (45. Rxf4 Ng4+ 46. fxg4 Re2+ {[%mdl 64] Double Attack} 47. Kf1 Re1+ 48. Kf2 R8e2+ 49. Kf3 Re3+ 50. Kf2 R1e2+ 51. Kf1 Re1+ 52. Kf2 R1e2+ 53. Kf1 Re1+ 54. Kf2 $11)) 44... Rg6 45. Rg1 (45. Nd7+ $11 Ka7 46. Rg1) 45... Rge6 $1 $16 {[#]} 46. Rc1 ({Reject} 46. Rxf4 $6 Ng4+ 47. fxg4 Re2+ {[%mdl 64] Double Attack} 48. Kf1 Re1+ 49. Kf2 R1e2+ 50. Kf1 Re1+ 51. Kf2 R1e2+ $11) (46. Nd7+ $1 $16 Ka7 47. Nf6 (47. Rxf4 Ng4+ 48. fxg4 Re2+ {[%mdl 64] Double Attack} 49. Kf1 Re1+ 50. Kf2 R8e2+ 51. Kf3 Re3+ 52. Kf2 R1e2+ 53. Kf1 Re1+ 54. Kf2 R1e2+ 55. Kf1 Re1+ 56. Kf2 $11)) 46... Rg6 $11 47. Rg1 {Accuracy: White = 33%, Black = 29%.} 1/2-1/2

[Event "FIDE Zonal 2.5 Open 2019"]
[Site "Montevideo"]
[Date "2019.04.13"]
[Round "1.25"]
[White "Donoso Diaz, Sebastian"]
[Black "Romero, Robert"]
[Result "1-0"]
[WhiteElo "2191"]
[BlackElo "1599"]
[Annotator "TA"]
[PlyCount "63"]
[EventDate "2019.04.13"]
[EventType "swiss"]
[EventCountry "URU"]
[SourceTitle "playchess.com"]
[Source "ChessBase"]
[SourceQuality "1"]

{[%evp 20,63,41,28,57,57,90,92,100,93,90,96,104,97,142,146,154,154,227,166,181,179,304,303,304,302,389,391,493,476,481,444,575,575,573,516,772,810,802,801,1800,1679,5714,5397,29993,29994]} 1. d4 Nf6 2. c4 e6 3. Nf3 d5 4. g3 c5 5. cxd5 Nxd5 6. Bg2 Nc6 7. O-O Be7 8. dxc5 Bxc5 9. a3 O-O 10. Qc2 Be7 11. Rd1 {[#] aiming for e4.} Qe8 {E06: Closed Catalan: Early deviations} (11... Qa5 12. Bd2 Qb5 13. Nc3 Nxc3 14. Bxc3 a5 15. Nd4 Nxd4 16. Rxd4 Qb6 17. Rad1 e5 18. Rc4 Be6 19. Bd5 {1-0 (44) Vazquez Igarza,R (2573)-Mohammad Fahad,R (2263) Batumi 2018}) 12. e4 Nf6 $146 ({Predecessor:} 12... Nb6 13. Nc3 Bd7 14. Bf4 Rc8 15. b4 Nxb4 16. axb4 Bxb4 17. Qb1 Bxc3 18. Rxa7 e5 19. Bg5 {1-0 (33) Dausch,R (2319)-Venus,J Deidesheim 2000}) 13. Nc3 e5 {White is better.} 14. Nd5 {Hoping for Nc7.} Bd8 15. Be3 Bg4 16. Bc5 Rc8 {[#] Threatens to win with ...Bxf3.} 17. Bxf8 Nd4 18. Qd3 ({Stronger than} 18. Nxd4 Rxc2 19. Nxc2 Bxd1 $17) 18... Kxf8 (18... Bxf3 $16 {might work better.} 19. Bxf3 Kxf8) 19. Rdc1 Rxc1+ 20. Rxc1 Nxd5 (20... Bxf3 $142 21. Bxf3 Nxd5) 21. Nxd4 $18 ({Don't play} 21. exd5 $6 Bxf3 22. Bxf3 Qd7 $18) 21... Ne7 22. Nf5 Nc6 23. h3 Bh5 24. Qd6+ Kg8 25. b4 Be2 26. a4 {[%cal Ba3a4,Ba4b5][%mdl 32]} a6 27. Rc2 Bh5 28. b5 axb5 29. axb5 Na7 30. Qb8 {Rd2 would kill now.} Qd7 31. Rc5 {White threatens Rd5 and mate.} b6 32. Rd5 {Accuracy: White = 100%, Black = 25%.} 1-0

[Event "FIDE Zonal 2.5 Open 2019"]
[Site "Montevideo"]
[Date "2019.04.13"]
[Round "1.26"]
[White "Ramirez Dominguez, Agustin"]
[Black "El Ters, Antouan"]
[Result "0-1"]
[WhiteElo "1907"]
[BlackElo "2181"]
[Annotator "TA"]
[PlyCount "48"]
[EventDate "2019.04.13"]
[EventType "swiss"]
[EventCountry "URU"]
[SourceTitle "playchess.com"]
[Source "ChessBase"]
[SourceQuality "1"]

{[%evp 19,48,0,0,0,3,-44,-38,-64,-77,-77,-75,-98,-100,-380,-386,-379,-387,-383,-380,-361,-341,-29969,-29970,-29995,-29996,-29996,-29997,-29997,-29998,-29998,-29999]} 1. d4 Nf6 2. c4 e6 3. Nc3 d5 4. cxd5 exd5 5. Nf3 Be7 6. Bg5 O-O 7. g3 c6 8. Bg2 Ne4 9. Bxe7 Qxe7 10. O-O Nd7 {[%cal Bb8d7,Bd7f6,Bf6e4][%mdl 32]} 11. Nd2 {[%cal Rd2e4] E07: Closed Catalan: Main Line (5 Nf3 0-0 6 0-0 Nbd7)} (11. e3 Nb6 12. Nd2 Nd6 13. b3 Bf5 14. a4 a5 15. Re1 Be4 16. f3 Bd3 17. e4 Rfe8 18. exd5 Qf6 {0-1 (45) Jensen,M (2007)-Foisor,S (2285) Helsingor 2018}) 11... f5 12. Ndxe4 $146 ({Predecessor:} 12. f3 Nxc3 13. bxc3 Qe3+ 14. Rf2 Qxc3 15. Nf1 f4 16. gxf4 Rxf4 17. e3 Rf7 18. Rc2 Qa3 {0-1 (39) Horak,A (1991)-Kozel,J (2141) Frydek Mistek 2014}) 12... fxe4 13. e3 {Black is slightly better.} Nf6 14. Qd2 Bg4 15. Ne2 g5 16. f4 $2 {[%mdl 8192] [#]} (16. h3 $17 {keeps fighting.} Bf3 17. Bxf3 exf3 18. Nc3) 16... exf3 $1 $19 17. Bxf3 Bxf3 18. Rxf3 Ne4 19. Rxf8+ Rxf8 ({Weaker is} 19... Qxf8 20. Qe1 $17) 20. Qd3 $2 {[#]} (20. Qe1 $19 Nf2 21. Nc3) 20... Nf2 {Black mates.} 21. Qd2 Nh3+ 22. Kg2 Rf2+ 23. Kxh3 Qe6+ 24. g4 Qh6+ {Accuracy: White = 22%, Black = 100%.} 0-1

[Event "FIDE Zonal 2.5 Open 2019"]
[Site "Montevideo"]
[Date "2019.04.13"]
[Round "1.27"]
[White "Viera, Emilio"]
[Black "Prieto Perez, Rodrigo"]
[Result "1-0"]
[WhiteElo "2138"]
[BlackElo "2037"]
[Annotator "TA"]
[PlyCount "37"]
[EventDate "2019.04.13"]
[EventType "swiss"]
[EventCountry "URU"]
[SourceTitle "playchess.com"]
[Source "ChessBase"]
[SourceQuality "1"]

{[%evp 13,37,21,33,29,27,34,25,6,41,40,71,33,99,80,79,40,47,51,188,197,419,431,437,427,375,393]} 1. c4 c5 2. Nf3 Nc6 3. d4 cxd4 4. Nxd4 e5 5. Nb5 a6 6. Nd6+ {A30: Symmetrical English: Double Fianchetto and Hedgehog} Bxd6 7. Qxd6 Qf6 {LiveBook: 20 Games} 8. Qd1 {White is slightly better.} (8. Qd2 Nge7 9. Nc3 O-O 10. g3 b5 11. c5 Nd4 12. Bg2 Rb8 {0-1 (28) Lagno,K (2556)-Grandelius,N (2647) Caleta 2018}) 8... Nge7 9. Nc3 O-O 10. g3 d6 (10... b5 $5) 11. Bg2 Bf5 $146 ({Predecessor:} 11... Qg6 12. O-O f5 {½-½ (56) Jakobsen,P (2225)-Hovmoller,K (2287) Denmark 2016}) 12. O-O Rfd8 (12... Qe6 $14) 13. Nd5 Nxd5 14. cxd5 Nd4 15. e4 $36 {[%mdl 2048] White is pushing.} Bg6 (15... Bd7 $14) 16. f4 $18 h6 $2 (16... exf4 {was worth a try.} 17. gxf4 (17. Bxf4 Nb5 $16) 17... Rac8) 17. fxe5 {[%mdl 64] Discovered Attack} Qxe5 {[#]} 18. Bf4 $1 {[%cal Rf4e5]} Qf6 19. Be3 1-0

[Event "FIDE Zonal 2.5 Open 2019"]
[Site "Montevideo"]
[Date "2019.04.14"]
[Round "2.1"]
[White "Michailov, Matias"]
[Black "Mareco, Sandro"]
[Result "0-1"]
[WhiteElo "2264"]
[BlackElo "2651"]
[Annotator "TA"]
[PlyCount "73"]
[EventDate "2019.04.13"]
[EventType "swiss"]
[EventCountry "URU"]
[SourceTitle "playchess.com"]
[Source "ChessBase"]
[SourceQuality "1"]

{[%evp 12,73,28,28,28,28,31,22,49,15,19,-1,14,18,11,12,24,10,67,65,117,111,141,175,212,198,243,237,285,272,297,285,324,310,350,363,381,354,336,152,164,166,124,119,90,18,16,-8,-3,-17,68,78,101,8,8,8,8,-8,-8,-8,-8,-8,-8,-8]} 1. e4 c6 2. d4 d5 3. e5 Bf5 4. Nf3 e6 5. Be2 Nd7 6. O-O h6 7. Nbd2 Ne7 {B12: Caro-Kann: Advance Variation} 8. Nb3 Qc7 9. a4 g5 10. a5 Bg7 11. c4 O-O 12. Bd2 dxc4 $146 ({Predecessor:} 12... b6 13. Rc1 Be4 14. Bb4 Rfe8 {1-0 (48) Erenburg,S (2680)-Enkhbat,T (2485) Herndon 2016}) 13. Bxc4 Rfd8 14. Rc1 Ng6 (14... c5 $11) 15. Qe2 Rac8 (15... Qb8 $14) 16. Ne1 g4 17. f3 h5 18. fxg4 Bxg4 19. Qf2 Rf8 20. h3 Bf5 21. Qf3 Ne7 22. Qxh5 Bg6 23. Qg4 c5 24. Nf3 Qd8 25. Ng5 (25. Bg5 $18 {has better winning chances.} cxd4 26. Nbxd4 (26. Qxd4 Nc6 $14)) 25... cxd4 $16 {[#]} 26. Nxe6 $1 {[%mdl 512]} Nxe5 {[%cal Bd7e5,Be5g4,Bg4e3][%mdl 32]} (26... fxe6 27. Bxe6+) 27. Nxd8 Nxg4 28. Bxf7+ ({Don't play} 28. Nxb7 Ne3 $11) ({White should try} 28. Ne6 $1 $16 {[%cal Re6f8]} Ne3 29. Nxf8 Kxf8 30. Bxe3 dxe3 31. Bb5) 28... Bxf7 $11 29. Nxf7 Ne3 30. Nd6 Rxc1 ({Better is} 30... Rxf1+ $11 31. Rxf1 Rc6 32. Bxe3 dxe3) 31. Rxc1 $14 N7d5 {[#]} 32. Nc4 ({Much weaker is} 32. Nxb7 $6 Nf4 $11) (32. Rc8 $1 $16) 32... b5 {The position is equal.} 33. axb6 axb6 34. g3 Rf3 35. Nxe3 dxe3 36. Be1 e2 {And now ...Rf1+ would win.} 37. Nd2 {[%mdl 32768] Accuracy: White = 52%, Black = 36%. . Loss on time!?} 0-1

[Event "FIDE Zonal 2.5 Open 2019"]
[Site "Montevideo"]
[Date "2019.04.14"]
[Round "2.2"]
[White "Delgado Ramirez, Neuris"]
[Black "Muniz, Rafael"]
[Result "1-0"]
[WhiteElo "2616"]
[BlackElo "2257"]
[Annotator "TA"]
[PlyCount "71"]
[EventDate "2019.04.13"]
[EventType "swiss"]
[EventCountry "URU"]
[SourceTitle "playchess.com"]
[Source "ChessBase"]
[SourceQuality "1"]

{[%evp 15,71,14,10,24,19,0,80,72,73,67,81,71,72,59,81,90,88,88,88,103,92,89,63,17,108,69,167,165,232,233,276,279,303,247,289,310,282,114,235,231,425,413,486,486,541,542,547,535,520,530,558,554,697,675,1065,1060,1165,1156]} 1. e4 c5 2. Nf3 d6 3. d4 cxd4 4. Qxd4 Nc6 5. Bb5 a6 6. Bxc6+ bxc6 7. O-O e5 8. Qd3 Ne7 {LiveBook: 4 Games. B51: Sicilian: Moscow Variation (3 Bb5+) without 3...Bd7} 9. Rd1 Ng6 10. Na3 Be6 $146 (10... f6 $11) ({Predecessor:} 10... f6 11. Be3 Rb8 12. Nc4 d5 13. exd5 cxd5 14. Qxd5 Qxd5 15. Rxd5 Be6 16. Nd6+ {½-½ (51) Zhigalko,A (2545)-Demchenko,A (2679) St Petersburg 2018}) 11. Nc4 $16 Bxc4 12. Qxc4 Qc8 13. Ng5 Ra7 14. Be3 Rd7 15. Rd3 $36 {[%mdl 2048] White is on the roll.} h6 16. Nf3 Be7 17. Rc3 c5 18. b4 {[%cal Bb2b4,Bb4b5][%mdl 32]} O-O 19. a4 Qb7 (19... Nf4 $11) 20. b5 a5 (20... axb5 $14 21. axb5 Ra8) 21. Rd1 $18 Kh7 (21... Rfd8 $142 22. Rcd3 Qc7) 22. Qd5 Qxd5 23. Rxd5 f5 {[#]} 24. Rcxc5 $1 {[%mdl 512]} fxe4 (24... dxc5 25. Rxd7) 25. Nd2 Rfd8 26. Rc6 (26. Rc3 $18 {is more deadly.}) 26... Bf8 (26... Bg5 $16 {was called for.}) 27. Bb6 {[%mdl 64] Double Attack} ({Not} 27. Nxe4 Ne7 $11) 27... Ra8 $2 {[#]} (27... Ne7 {keeps fighting.}) 28. Nxe4 Nf4 29. Rd2 {White is clearly winning.} d5 30. g3 Ng6 31. c4 {[%cal Bc2c4,Bc4c5,Bc5c6,Bc6d7][%mdl 32]} d4 32. c5 Ne7 33. Rc7 Rd5 34. c6 Ng8 35. Rd7 Rxd7 36. cxd7 {Accuracy: White = 66%, Black = 25%.} 1-0